000 00255nam a2200109Ia 4500
008 190913s9999||||xx |||||||||||||| ||und||
100 _aHerbert Schildt
245 4 _aThe Complete Reference Java 3
260 _ausa
_bBPB
_c2009
300 _a192
942 _cBK
999 _c7945
_d7945